Manual del estudiante : sistema de educación a distancia.

Guardado en:
Detalles Bibliográficos
Autor corporativo: Universidad Pedagógica Nacional (México)
Formato: Libro
Idioma:Español
Temas:
Etiquetas: Agrega una etiqueta
Sin etiquetas, Sé el primero en etiquetar este registro!

MARC

LEADER 00000cam^a2200000uu^4500
001 000469598
005 20250521000000.0
008 050901s1981^^^^^^^^^^^^rf^r^^000^0^spa^d
009 20260310124539.249
035 |a FCE 000012354 
035 |a FCE 010332 
037 |a Acervo ITESO - Biblioteca 
041 |a spa 
082 0 4 |a 370.194  |b UPNm 
110 |a Universidad Pedagógica Nacional (México) 
245 1 0 |a Manual del estudiante :  |b sistema de educación a distancia. 
264 |a México :  |b UPN,  |c 1981. 
300 |a 100 p. 
336 |a texto  |b txt  |2 rdacontenido 
337 |a sin mediación  |b n  |2 rdamedio 
338 |a volumen  |b nc  |2 rdasoporte 
649 |a XX 
650 |a Manual 
650 |a Plan de estudios 
650 |a Educación a distancia 
650 |a Estudiantes 
650 |a Técnicas de estudio 
650 |a Tiempo-espacio 
910 |a Fondo Centro de Estudios Educativos 
920 |a Impresos - Libros 
930 |a Fondos Especiales 
905 |a 133 
901 |a ALE010332  |b IT2  |c CEE  |u 20250521 
902 |a https://opac.biblio.iteso.mx/vufind/Record/000469598